Los ladrones somos gente honorada ; comedia casi policiaca en un prólogo y dos actos.

Bibliographic Details
Main Author: Jardiel Poncela, Enrique, 1901-1952
Format: Book
Language:Spanish
Published: [Madrid] : Escelicer, [1969]
Series:Colección Teatro (Escelicer) ; 620, extra.

MARC

Tag First Indicator Second Indicator Subfields
LEADER 00000cam a2200000 4500
001 in00003468430
005 20151206104431.0
008 730730s1969 sp |||||||spa|u
035 |a (OCoLC)ocm00665696 
040 |c DAY  |d m.c.  |d TNY  |d UtOrBLW 
090 |a PQ6619.A7  |b L3 
100 1 |a Jardiel Poncela, Enrique,  |d 1901-1952. 
245 1 4 |a Los ladrones somos gente honorada ;  |b comedia casi policiaca en un prólogo y dos actos. 
264 1 |a [Madrid] :  |b Escelicer,  |c [1969] 
300 |a 152 pages ;  |c 16 cm. 
336 |a text  |b txt  |2 rdacontent 
337 |a unmediated  |b n  |2 rdamedia 
338 |a volume  |b nc  |2 rdacarrier 
490 1 |a Coleccion Teatro ;  |v no. 620, extra 
830 0 |a Colección Teatro (Escelicer) ;  |v 620, extra. 
999 |a MARS 
999 f f |s 0f22bbe4-b2d6-30a7-9596-aa36fd55a71d  |i 1b9c5b49-a845-3f44-963e-619d9bdbbbe6  |t 0 
952 f f |p ric  |a Texas A&M University  |b Rellis Campus  |c Joint Library Facility  |d Remote Storage  |t 0  |e PQ6619.A7 L3  |h Library of Congress classification  |i unmediated -- volume  |m 32060002023295 
998 f f |a PQ6619.A7 L3  |t 0  |l Remote Storage